000 01093nam a22002897a 4500
001 7057
003 FISKH
005 20250619141940.0
008 250619b cb ||||| |||| 00| 0 eng d
020 _a9781405471565
040 _aFISKH
_beng
_cFISKH
_dFISKH
050 _aPZ7
082 _a823.92
100 _aHarker, Jill
245 _aOakey' perfect day /
_cWritten by Jillian Harker ; Illustrated by Andy Everitt-Stewart
250 _aThis edition published by Paragon in 2010
260 _aBath,
_bParagon Book,
_c2006
300 _a28 pages :
_bcolor illustrations ;
_c25 cm
505 _aJ
520 _a"Oakey goes exploring, making some new friends along the way. But when he gets lost in the big, wide world, who will help Oakey? Luckily Duck, Pig, and Horse come to the rescue and lead him safely back home. Oakey's exciting day has been ... just perfect!"
521 8 _a500
_bLexile estimate
521 8 _aJ
_bRaz-Plus
650 _aGetting lost
_vFiction
_xRabbits
700 _aEveritt-Stewart, Andy
_eillustrator
942 _2ddc
_cBK
_n0
999 _c7057
_d7057